Word Ladder: Storming the Castle! Quiz Stats

 Plays Quiz Updated Jul 7, 2014

Support Sporcle.
Go Orange.
Score 0/41 Timer 05:00
0 Plays Today
Hint 4-Letter Word % Correct
❦ 'Hello. My ____ is Inigo Montoya.
You killed my father. Prepare to die.' ❦
NAME
98.7%
Chess, Checkers, or MonopolyGAME
97.8%
ArtificialFAKE
94.1%
Green citrus fruitLIME
93.8%
Not pre-recorded broadcastLIVE
93.2%
❦ 'I'm not ____-handed either.' ❦LEFT
93.1%
Cost of a bus rideFARE
92.9%
❦ 'Death cannot stop true ____. All it can do is delay it for a while.' ❦LOVE
92.7%
Elevator in UKLIFT
91.9%
❦ 'You have a great gift for rhyme.' 'Yes, yes, some of the ____.' ❦TIME
91.8%
❦ 'Bye-bye, boys.' 'Have fun storming the castle.'
'Think it'll work?' 'It would ____ a miracle.' ❦
TAKE
91.1%
To make hot or warmHEAT
89.9%
❦ 'I do not envy you the ____ache you will have when you awake.' ❦HEAD
89.8%
❦ 'It just so happens that your friend here is only MOSTLY ____.' ❦DEAD
88.8%
❦ '____ is pain, Highness.
Anyone who says differently is selling something. ' ❦
LIFE
88.8%
❦ 'The first thing you will lose will be your ____ below the ankles.' ❦FEET
88.5%
❦ 'Never go in against a Sicilian when death is on the ____.' ❦LINE
88.2%
❦ 'Give us the ____ key.' 'I have no ____ key.'
'Fezzik, tear his arms off.' 'Oh, you mean THIS ____ key.' ❦
GATE
86.7%
Legal document of property rightsDEED
86.5%
❦ 'Why do you wear a ____?
Were you burned by acid, or something like that?' ❦
MASK
85.9%
Fork prongTINE
85.8%
Hint 4-Letter Word % Correct
Clean with soap and waterWASH
85.5%
John Reid's Ranger statusLONE
85%
41st or 43rd U.S. presidentBUSH
85%
❦ 'As you ____.' ❦WISH
84.5%
Accomplishment of derring-doFEAT
84.4%
❦ 'What are the three terrors of the ____ Swamp?' ❦FIRE
84.2%
Manson victim SharonTATE
84.1%
Untidy stateMESS
83.3%
❦ 'Man and ____! Say man and ____!' ❦WIFE
83.1%
Soak up sunlightBASK
82.9%
Blow-out partyBASH
82.6%
Thin, light, delicateFINE
82%
Payments for servicesFEES
81.7%
❦ 'You were not hired for your brains, you hippopotamic land ____.' ❦MASS
81.7%
Insect repellentDEET
80.7%
Skillful, adroit, dexterousDEFT
80.2%
❦ 'I can clearly not choose the ____ in front of me.' ❦WINE
79.8%
Daniel Boone actor ParkerFESS
77%
Impulsive, hastyRASH
73.6%
❦ 'You ____ a miracle man, you get rotten miracles.' ❦RUSH
73%

Today's Daily Dose

You're not logged in!

Compare scores with friends on all Sporcle quizzes.
OR
Log In

From the Vault

Rhymes with 'Jump'

by slipkid

If Dr. Seuss had anything to say about it, there would for sure be a few more words on this quiz.
Remove Ads.
Support Sporcle.
Get the best of Sporcle when you Go Orange. This ad-free experience offers more features, more stats, and more fun while also helping to support Sporcle. Thank you for becoming a member.

Show Comments

Extras

Top Quizzes Today


Score Distribution

Your Account Isn't Verified!

In order to create a playlist on Sporcle, you need to verify the email address you used during registration. Go to your Sporcle Settings to finish the process.

Report this User

Report this user for behavior that violates our Community Guidelines.

Details: